Normal view
MARC view
- Encuentro Panamericano de Derecho Procesal
Entry Nombre de Reunión
001 - NÚMERO DE CONTROL
- campo de control: 43510
003 - IDENTIFICADOR DE NÚMERO DE CONTROL
- campo de control: UPN
005 - FECHA Y HORA DE LA ÚLTIMA TRANSACCIÓN
- campo de control: 20211124085432.0
008 - DATOS DE LONGITUD FIJA
- campo de control de longitud fija: 211124|g aca||aabn | a|a d
040 ## - FUENTE DE CATALOGACIÓN
- Agencia original de catalogación: UPN
111 1# - ENCABEZAMIENTO - NOMBRE DE REUNIÓN
- Nombre de reunión o de jurisdicción: Encuentro Panamericano de Derecho Procesal
- Número de la parte, sección o reunión: (6o :
- Fecha de la reunión : 1990 :
- Lugar de la reunión: Villahermosa, Tabasco)
670 ## - FUENTE EN LA QUE SE LOCALIZARON DATOS
- Cita de la fuente: T
- Información localizada: Vi Encuentro Panamericano de Derecho Procesal
902 ## - CATALOGADOR
- Catalogador: CAA/241121
